| 000 | 00834cam a22002775a 4500 | ||
|---|---|---|---|
| 001 | 017366839 | ||
| 003 | OSt | ||
| 005 | 20170517105539.0 | ||
| 008 | 150511t2016 enka frb 001 0 eng d | ||
| 020 | _a9781292019611 | ||
| 020 | _a1292019611 | ||
| 040 |
_aStDuBDS _beng _cStDuBDS _dUk _dEG-ScBUE |
||
| 082 | 0 | 4 |
_222 _a620.106 _bMOT |
| 100 | 1 |
_aMott, Robert L., _918046 |
|
| 245 | 1 | 0 |
_aApplied fluid mechanics / _cRobert L. Mott, Joseph A. Untener. |
| 250 | _a7th ed., Global ed. | ||
| 260 |
_aHarlow : _bPearson Education Limited, _cc.2016. |
||
| 300 |
_a547 p. : _bill. ; _c28 cm. |
||
| 500 | _aPrevious edition : 2006. | ||
| 504 | _aIncludes bibliographical references and index. | ||
| 650 | 7 |
_aFluid mechanics. _2BUEsh _95179 |
|
| 651 | _2BUEsh | ||
| 653 |
_bENGMEC _cMay2017 |
||
| 700 | 1 | _aUntener, Joseph A., | |
| 942 | _2ddc | ||
| 999 |
_c24837 _d24809 |
||